Statistics for [路線図付き] 東京メトロ 銀座線 駅名穴埋めクイズ

Click here to take the quiz!

General Stats

  • This quiz has been taken 503 times
  • The average score is 15 of 19

Answers on the Map

Answers color-coded by a green-red scale on the quiz's map according to % correct below.
 

Answer Stats

Answer% Correct
銀座線G01渋谷
97%
銀座線G16上野
94%
銀座線G09銀座
94%
銀座線G19浅草
93%
銀座線G02表参道
91%
銀座線G13神田
89%
銀座線G08新橋
89%
銀座線G05赤坂見附
83%
銀座線G04青山一丁目
82%
銀座線G11日本橋
78%
銀座線G12三越前
76%
銀座線G06溜池山王
76%
銀座線G03外苑前
76%
銀座線G15上野広小路
74%
銀座線G07虎ノ門
72%
銀座線G18田原町
68%
銀座線G10京橋
65%
銀座線G17稲荷町
64%
銀座線G14末広町
42%

Score Distribution

Percentile by Number Answered

Percent of People with Each Score

Your Score History

You have not taken this quiz